EXTREME South American Capitals Quiz - Statistics

General Stats
  • This quiz has been taken 124 times
  • The average score is 13 of 18
Answer Stats
Country Capital % Correct
Brazil Brasilia
98%
Argentina Buenos Aires
97%
Colombia Bogotá
96%
Peru Lima
96%
Venezuela Caracas
93%
Chile Santiago
93%
Uruguay Montevideo
92%
Ecuador Quito
92%
Paraguay Asunción
90%
Bolivia Sucre/La Paz
89%
Guyana Georgetown
83%
Suriname Paramaribo
79%
French Guiana Cayenne
47%
Falkland Islands (UK) Stanley
42%
Easter Island (Polynesia) Hanga Roa
26%
Galápagos Islands (Equ.) Puerto Baquerizo Moreno
20%
South Georgia & South Sandwich Islands (UK) King Edward Point
13%
Juan Fernández Islands (Chile) San Juan Bautista
12%
No matching quizzes found
Score Distribution
Percent of People with Each Score
Percentile by Number Answered
Your Score History
You have not taken this quiz